Juicio crítico sobre el libro "Testigos del misterio" de Miguel Alonso Baquer (Premio Monte 1968) (Record no. 4716)

MARC details
000 -LEADER
campo de control de longitud fija 01488njm a2200301 i 4500
001 - NÚMERO DE CONTROL
campo de control 4716
003 - IDENTIFICADOR DE NÚMERO DE CONTROL
campo de control ES-MaACL
005 - FECHA Y HORA DE LA ÚLTIMA TRANSACCIÓN
campo de control 20250824203440.0
007 - CAMPO FIJO DE DESCRIPCIÓN FÍSICA--INFORMACIÓN GENERAL
campo de control de longitud fija s|r|||||||||||
008 - DATOS DE LONGITUD FIJA--INFORMACIÓN GENERAL
campo de control de longitud fija 070809s1969 sp ||| g ||||||||1|nspa d
245 00 - MENCIÓN DEL TÍTULO
Título Juicio crítico sobre el libro "Testigos del misterio" de Miguel Alonso Baquer (Premio Monte 1968)
Medio [Grabación sonora] /
Mención de responsabilidad, etc. intervienen Miguel Alonso Baquer, José María Sánchez de Muniain, José Artigas, P. Félix García, Vintila Horia, Adolfo Muñoz Alonso.
260 ## - PUBLICACIÓN, DISTRIBUCIÓN, ETC.
Lugar de publicación, distribución, etc. Madrid :
Nombre del editor, distribuidor, etc. Ateneo de Madrid,
Fecha de publicación, distribución, etc. 1969.
300 ## - DESCRIPCIÓN FÍSICA
Extensión 1 disco (CD-DA) (56 min.) ;
Dimensiones 12 cm.
490 1# - MENCIÓN DE SERIE
Mención de serie Coloquios críticos en presencia del autor "Un libro sobre la mesa"
500 ## - NOTA GENERAL
Nota general Datos basados en la invitación.
518 ## - NOTA DE FECHA/HORA Y LUGAR DE UN ACONTECIMIENTO
Nota de fecha/hora y lugar de un acontecimiento Acto organizado por el Aula de Literatura del Ateneo de Madird, grabado en el salón de actos el viernes 21 de febrero de 1969, a las 19:15 h.
610 24 - PUNTO DE ACCESO ADICIONAL DE MATERIA--NOMBRE DE ENTIDAD CORPORATIVA
Nombre de entidad corporativa o nombre de jurisdicción como elemento de entrada Ateneo de Madrid-
Subdivisión general Actos culturales-
Subdivisión cronológica 1969-
Subdivisión de forma Grabaciones sonoras.
9 (RLIN) 1883
700 1# - ENTRADA AGREGADA--NOMBRE PERSONAL
Nombre de persona Alonso Baquer, Miguel.
9 (RLIN) 20258
700 1# - ENTRADA AGREGADA--NOMBRE PERSONAL
Nombre de persona Sánchez de Muniain y Gil, José María.
9 (RLIN) 102590
700 1# - ENTRADA AGREGADA--NOMBRE PERSONAL
Nombre de persona García, Félix,
Fechas asociadas al nombre 1897-1983
9 (RLIN) 172116
700 1# - ENTRADA AGREGADA--NOMBRE PERSONAL
Nombre de persona Horia, Vintila (
Fechas asociadas al nombre 1915-1992)
9 (RLIN) 64193
700 1# - ENTRADA AGREGADA--NOMBRE PERSONAL
Nombre de persona Muñoz Alonso, Adolfo.
9 (RLIN) 84346
710 2# - ENTRADA AGREGADA--NOMBRE DE ENTIDAD CORPORATIVA
Nombre de entidad corporativa o nombre de jurisdicción como elemento de entrada Ateneo de Madrid.
Unidad subordinada Aula de Literatura.
9 (RLIN) 1943
830 00 - PUNTO DE ACCESO ADICIONAL DE SERIE-TÍTULO UNIFORME
Título uniforme Coloquios críticos en presencia del autor "Un libro sobre la mesa"
9 (RLIN) 177075
852 ## - LOCALIZACIÓN
Ubicación ES-MaACL
Número de control de estantería ROT 3/4/3
itemnumber 4833
Ubicación en estantería Rotativo
942 ## - ELEMENTOS DE ENTRADA SECUNDARIOS (KOHA)
Fuente del sistema de clasificación o colocación Clasificación decimal universal
Holdings
Estatus retirado Estado de pérdida Fuente del sistema de clasificación o colocación Estado de daño No para préstamo Colección Biblioteca de origen Biblioteca actual Ubicación en estantería Fecha de adquisición Total de préstamos Signatura topográfica completa Código de barras Visto por última vez Precio de reemplazo Tipo de ítem Koha
    Clasificación decimal universal     Archivo de la palabra Biblioteca del Ateneo de Madrid Biblioteca del Ateneo de Madrid Rotativo 17/01/2008   ROT 3/4/3 1004779 23/02/2023 23/02/2023 Archivo de ordenador en CD-ROM, CD o disquete